[Event "Hoogovens op"]
[Site "Wijk aan Zee"]
[Date "1995.01.??"]
[Round "12"]
[White "Onischuk, Alexander"]
[Black "Schwartzman, Gabriel"]
[Result "1/2-1/2"]
[ECO "A28"]
[WhiteElo "2590"]
[BlackElo "2495"]
[Annotator "Hecht,H"]
[PlyCount "164"]
[EventDate "1995.01.??"]
[EventType "swiss"]
[EventRounds "12"]
[EventCountry "NED"]
[SourceTitle "CBM 046"]
[Source "ChessBase"]
[SourceDate "1995.06.01"]
[SourceVersion "1"]
[SourceVersionDate "1995.06.01"]
[SourceQuality "1"]

1. c4 e5 2. Nc3 Nf6 3. Nf3 Nc6 4. a3 g6 5. g3 Bg7 6. Bg2 O-O 7. O-O Re8 8. d3
h6 9. e4 d6 10. h3 Be6 11. Be3 Rf8 12. Rc1 Ne7 13. Nd5 Nd7 14. d4 f5 15. dxe5
dxe5 16. Nh4 f4 17. Nxe7+ Qxe7 18. Nxg6 Qf7 19. Nxf8 Rxf8 20. Bd2 f3 21. Bh1
Bxh3 22. Rc3 Bg4 23. Rc1 Qh5 24. Rc3 Nf6 25. Rd3 Rf7 26. Bc1 Bf8 27. b4 Be7 28.
Bxf3 Rg7 29. c5 Kh8 30. Re1 Qh3 31. Bg2 Qh5 32. Qb3 Bh3 33. Bf3 Bg4 34. Qd1 Qh3
35. Qe2 Qh5 36. Red1 Kh7 37. Kf1 Rf7 38. Ke1 Kg7 39. Bxg4 Nxg4 40. Be3 Bg5 41.
f4 exf4 42. Bxf4 Bxf4 43. gxf4 Rxf4 44. Rg3 Qh4 45. Qg2 Kf8 46. Rdd3 Ke7 47. e5
c6 48. Rd7+ Ke8 49. Rdd3 Qh5 50. Rge3 Qh4+ 51. Qg3 Nxe3 52. Rxe3 Qxg3+ 53. Rxg3
Re4+ 54. Kd2 Rxe5 55. Rg6 Rh5 $10 {Der wK kontrolliert den h-Freibauern. Der
wR greift die schwarzen Q-Flügel bauern an. Der sK und der sR sind passiv. Die
Stellung ist remis.} 56. Rg8+ Kf7 57. Rb8 Rd5+ 58. Ke3 Rd7 59. Kf4 Kf6 60. Rf8+
Kg7 61. Rb8 Re7 62. a4 a6 63. Rd8 Kf6 64. Rd6+ Kg7 65. b5 axb5 66. axb5 cxb5
67. Rb6 h5 68. Rxb5 h4 69. Rb6 Rc7 70. Kg4 Kf8 71. Kxh4 Ke8 72. Kg4 Kd8 73.
Rd6+ Kc8 74. Rd5 Rf7 75. Rf5 Rg7+ 76. Kf4 Kc7 77. Ke4 Kc6 78. Kd4 Rg4+ 79. Kd3
Kb5 80. Rf7 Kc6 81. Rf5 Kb5 82. Rf7 Kc6 1/2-1/2

[Event "Hoogovens-B"]
[Site "Wijk aan Zee"]
[Date "1998.01.29"]
[Round "9"]
[White "Reinderman, Dimitri"]
[Black "Kobalia, Mihail"]
[Result "1-0"]
[ECO "A28"]
[WhiteElo "2480"]
[BlackElo "2500"]
[Annotator "Hecht,H"]
[PlyCount "81"]
[EventDate "1998.01.20"]
[EventType "tourn"]
[EventRounds "11"]
[EventCountry "NED"]
[EventCategory "10"]
[SourceTitle "CBM 063"]
[Source "ChessBase"]
[SourceDate "1998.03.26"]
[SourceVersion "1"]
[SourceVersionDate "1998.03.26"]
[SourceQuality "1"]

1. c4 e5 2. Nc3 Nc6 3. Nf3 Nf6 4. e4 Bb4 5. d3 d6 6. g3 Bc5 7. Bg2 Nd4 8. Nxd4
Bxd4 9. Ne2 Bb6 10. h3 c6 11. O-O O-O 12. b3 Nd7 13. Bb2 Re8 14. d4 Qf6 15. Qd2
Qg6 16. Kh2 Nf6 17. f3 exd4 18. Bxd4 d5 19. cxd5 Bxd4 20. Nxd4 cxd5 21. exd5
Bd7 22. f4 Qh5 23. Rae1 Nxd5 24. f5 Bc6 25. Bf3 Qh6 26. Qxh6 gxh6 27. Rxe8+
Rxe8 28. Nxc6 bxc6 {[#] Schlechte schwarze Bauern- und Königsstellung.
Springereinkreisung. Taktik.} 29. Rc1 Nb4 30. Kg2 Re3 31. f6 Nxa2 32. Rxc6 Re8
33. Ra6 Nc1 34. Rxa7 Nd3 35. Bd5 Rf8 36. Kf3 Nb4 37. Be4 Re8 38. Ra4 Rb8 39.
Ke3 h5 40. Kd4 h6 41. Kc3 1-0

[Event "WchT 3rd"]
[Site "Luzern"]
[Date "1993.??.??"]
[Round "7.1"]
[White "Xu, Jun"]
[Black "Hjartarson, Johann"]
[Result "1/2-1/2"]
[ECO "A28"]
[WhiteElo "2535"]
[BlackElo "2605"]
[Annotator "Hjartarson,J"]
[PlyCount "117"]
[EventDate "1993.10.24"]
[EventType "team-tourn"]
[EventRounds "9"]
[EventCountry "SUI"]
[SourceTitle "CBM 038"]
[Source "ChessBase"]
[SourceDate "1994.02.01"]
[SourceVersion "1"]
[SourceVersionDate "1994.02.01"]
[SourceQuality "1"]
[WhiteTeam "China"]
[BlackTeam "Iceland"]
[WhiteTeamCountry "CHN"]
[BlackTeamCountry "ISL"]

1. c4 Nf6 2. Nc3 e5 3. Nf3 Nc6 4. e3 Bb4 5. Qc2 Bxc3 6. Qxc3 Qe7 7. a3 d5 8.
cxd5 Nxd5 9. Qb3 Nb6 10. d3 a5 $5 $146 (10... O-O 11. Be2 (11. Qc2 $5 a5 12. b3
$1 $13) 11... a5 12. Bd2 Be6 13. Qc2 a4 14. Rc1 Nd7 15. O-O Bb3 $15 {
Adorjan-Kuzmin, Riga (izt) 1979}) 11. Bd2 a4 12. Qb5 $1 (12. Qc2 Be6 $15 {xb3})
12... Bd7 13. Rc1 f6 (13... Nd4 $2 14. Qc5 Nxf3+ 15. gxf3 $16) 14. Qc5 Qxc5 15.
Rxc5 O-O-O $1 $10 16. h3 Bf5 17. e4 Be6 18. Be2 g5 19. Be3 h5 20. g3 $6 (20.
O-O Kb8 (20... g4 21. Nh4 gxh3 22. g3 $44) 21. Rd1 Nc8 $10) 20... Kb8 21. Kf1
$6 Nc8 $1 22. Kg2 N8a7 23. Rhc1 Rh7 $15 24. Bd1 Rxd3 25. Bc2 $2 (25. Bxa4 g4
26. hxg4 hxg4 27. Nh4 Nd4 $15) 25... Rd8 26. Bxa4 g4 27. hxg4 hxg4 28. Nh4 Nd4
29. Rd1 b6 30. Rcc1 c5 $17 31. Rd2 Bc8 $2 (31... b5 32. Bd1 c4 33. f3 gxf3+ 34.
Nxf3 Nac6 $17) 32. Bd1 Bb7 33. Bxg4 Bxe4+ (33... Rg8 34. f3 Bxe4 (34... Nb3 $2
35. Be6 $1 $18) 35. Kf2 $13) 34. f3 Bd5 35. Bxd4 cxd4 36. Bf5 $14 Rc7 37. Rxc7
Kxc7 38. Bd3 Nc8 39. Rc2+ Kb8 40. Nf5 Bb7 41. g4 Nd6 42. Nxd6 Rxd6 43. Kg3 Rc6
$1 44. Rh2 Rc1 45. Rh8+ Kc7 46. Rh7+ Kb8 47. Rf7 Rd1 48. Bc4 d3 $1 49. Rd7 Rg1+
(49... d2 $2 50. Be2 Rg1+ 51. Kf2 $18) 50. Kf2 Rb1 51. b4 Rb2+ 52. Ke3 Re2+ 53.
Kxd3 Bxf3 54. Rd6 Kc7 55. Rxf6 Bxg4 56. b5 Rh2 57. Rc6+ Kb7 58. Bd5 Rh3+ 59.
Kd2 (59. Ke4 Bd7 $1 60. Rh6+ Kc7 $10) 1/2-1/2

[Event "Hastings 9596"]
[Site "Hastings"]
[Date "1996.??.??"]
[Round "8"]
[White "Conquest, Stuart"]
[Black "Khalifman, Alexander"]
[Result "0-1"]
[ECO "A28"]
[WhiteElo "2455"]
[BlackElo "2655"]
[Annotator "Khalifman,A"]
[PlyCount "82"]
[EventDate "1995.12.??"]
[EventType "tourn"]
[EventRounds "9"]
[EventCountry "ENG"]
[EventCategory "13"]
[SourceTitle "CBM 051"]
[Source "ChessBase"]
[SourceDate "1996.04.01"]
[SourceVersion "1"]
[SourceVersionDate "1996.04.01"]
[SourceQuality "1"]

1. c4 {Ribli} Nf6 2. Nc3 e5 3. Nf3 Nc6 4. e4 {Survey ;CBM 32} Bc5 $6 (4... Bb4
$5 5. d3 d6 (5... O-O 6. g3 Nd4 7. Bg2 Nxf3+ 8. Qxf3 d6 9. Qe2 c6 10. O-O a6
11. h3 b5 {1/2-1/2 Christiansen,L-Kortschnoj,V (01)/Tilburg2.07 ;CBM 32 1992 
(46)}) 6. g3 Bc5 (6... O-O 7. Bg2 Nd4 (7... Ne8 {Ribli} 8. O-O Bxc3 9. bxc3 f5
10. exf5 Bxf5 11. Rb1 Rb8 12. Nh4 Be6 13. f4 (13. Be3 Qd7 14. Re1 Nf6 15. Qa4
a6 16. d4 exd4 17. cxd4 d5 $13 {Christiansen,L-Morozevich,A/New York PCA/1995/
EXP47/}) 13... exf4 14. Bxf4 Qd7 15. Qa4 $14 {Cifuentes Parada,R-Groszpeter,A/
Novi Sad olm/1990/INF50,27/}) 8. Nxd4 exd4 9. a3 Bxc3+ 10. bxc3 dxc3 11. Qc2
Ng4 12. Qxc3 Qf6 {Nimzowitsch,A-Spielmann,R/Bled ;HCL 07 1931/1/2-1/2 (37)}) 7.
Bg2 Nd4 (7... Ng4 8. O-O f5 9. Nd5 h6 10. exf5 Bxf5 11. Nh4 Be6 12. Ng6 {
Nimzowitsch,A-Mieses,J/Hannover (06) ;HCL 14 1926/1-0 (41)}) 8. Nxd4 Bxd4 9. h3
Be6 10. f4 a6 11. Qf3 h6 12. Ne2 Bc5 13. Bd2 Qe7 14. Bc3 Bd7 15. b4 Ba7 16. a4
Nh7 17. Kd2 O-O 18. g4 b5 19. axb5 axb5 20. cxb5 Bb6 21. Rhd1 Bxb5 {0-1 Gulko,
B-Karpov,An/Reykjavik WCup (07) ;CBM 26 1991 (36)}) 5. Nxe5 $1 Nxe5 (5... Bxf2+
6. Kxf2 Nxe5 7. d4 $16) (5... O-O 6. Nf3 $1 Re8 7. d3 $16 {Nimzowitsch,A-Yates,
F/Dresden (07) ;HCL 38 1926/1-0 (65)}) 6. d4 Bb4 (6... Bd6 7. c5 Bxc5 8. dxe5
$16 {Nimzowitsch,A-Reti,R/Berlin Tageblatt ;HCL 07 1928/1-0 (62)}) (6... Nxe4
7. Nxe4 Bb4+ 8. Nc3 $14) 7. dxe5 Nxe4 8. Qd4 (8. Qf3 Nxc3 9. bxc3 Ba5 10. Ba3
d6 11. exd6 O-O $13 {Rohde,M-Dlugy,M/New York op/1990/EXP16/INF49,(42)}) 8...
Nxc3 9. bxc3 Be7 (9... Ba5 {Ribli} 10. Ba3 d6 11. O-O-O O-O 12. exd6 cxd6 13.
Qxd6 Qxd6 14. Bxd6 $14 {Kortschnoj,V-Huebner,R (02)/Solingen m/1973/ ;MCL 08})
10. Qg4 g6 {Ribli: Diese Neuerung ist ein ganz logischer Zug, der Nachziehende
will noch nicht entscheiden, wie er fuer die Sicherheit seines Koenigs sorgen
wird.} (10... Kf8 11. Qg3 $5 d6 12. Be3 dxe5 13. Rd1 Bd7 (13... Qe8 14. Qxe5
$14 (14. Qxe5 {Ribli} Bd6 15. Qh5 $14 {Taimanov})) 14. Be2 $14) 11. Bh6 {
Ribli: Weiss will die schwarze Rochade einfach verhindern.} d6 12. Qe4 $1 {N} (
12. Qf4 dxe5 13. Qxe5 f6 14. Qe3 Kf7 $13) (12. Qg3 Be6 13. Be2 Qd7 $13) 12...
Qd7 (12... Bf5 13. Qxb7 Rb8 14. Qxa7 $16) (12... dxe5 13. Rd1 $16) 13. Bd3 (13.
Rd1 {Ribli} Qf5 14. Bd3 Qxe5 15. Qxe5 dxe5 16. Bg7 Rg8 17. Bxe5 c6 18. O-O Be6
$13) 13... dxe5 (13... Qf5 14. exd6 Qxe4+ 15. Bxe4 cxd6 16. O-O $16) 14. O-O {
Ribli: Fuer die Initiative opfert der Anziehende einen Bauern.} (14. Bg7 $5 Rg8
15. Bxe5 f5 $1 16. Qe3 Qc6 17. O-O Be6 18. Rfe1 $36) (14. Qxe5 {Ribli} Qe6 15.
Bf4 (15. Bg7 Rg8 16. O-O f6 17. Qxe6 Bxe6 $15) 15... f6 16. Qxe6 Bxe6 17. Bxc7
Rc8 18. Bg3 Bxc4 $15) 14... f6 15. f4 Qc6 {Ribli: Die richtige Entscheidung.
Schwarz gibt seinen Mehrbauern zurueck, um die weisse Initiative abzuwehren.}
16. Qxc6+ bxc6 17. fxe5 f5 {[#]} (17... fxe5 $2 {Ribli} 18. Bg7 Rg8 19. Bxe5
$36) 18. Rab1 $6 (18. g4 $5 Be6 $1 (18... Rb8 19. gxf5 Bxf5 20. Bxf5 gxf5 21.
Rxf5 Rg8+ 22. Kh1 Rb2 23. Rh5 $1 $14) 19. gxf5 gxf5 20. Bxf5 Bxc4 $13) 18...
Be6 19. Be2 (19. Rb7 $4 {Ribli} O-O-O $1 $19) 19... Kf7 20. Rb7 (20. Be3 {Ribli
} Rhb8 21. Rxb8 Rxb8 22. Bxa7 Ra8 23. Be3 Rxa2 $15) 20... Bc5+ 21. Kh1 Rhc8 (
21... Bb6 $2 22. c5 $1 Bc8 23. Bc4+ Ke7 24. Bg5+ Ke8 25. cxb6 Bxb7 26. Bf6 Rf8
27. bxc7 $44) 22. Rfb1 a5 {Ribli: Eine exzellente Idee, mit dem Schwarz seinen
a8-Turm ins Spiel bringen kann.} 23. a4 Ra6 24. R7b2 Rb6 25. Bg5 Rcb8 26. Rxb6
Rxb6 27. Rd1 (27. Rxb6 cxb6 28. Bf3 Bd7 29. Bf6 Ke6 30. h3 Be3 $19) 27... Be7 {
Ribli: Schwarz hat eine ueberlegene Stellung; Seine Figuren postieren sehr gut
-Rb6, Be6-.} 28. h4 Rb3 29. Bf3 Rxc3 30. Bxc6 Rxc4 31. Bb5 Rc5 32. Re1 c6 33.
Ba6 Bxg5 34. hxg5 Rc3 35. Rb1 Rb3 36. Rc1 Bd5 {Ribli: Droht /\ Re3 oder Rb2.}
37. Bc4 (37. Rxc6 $2 Rb1+ $19) 37... Rb4 38. Bxd5+ cxd5 39. Rc7+ (39. Rc5 Rxa4
40. Rxd5 Ke6 41. Rb5 Rh4+ 42. Kg1 a4 43. Ra5 Rg4 $19) 39... Ke6 40. Rxh7 Kxe5
41. Rg7 Kf4 (41... Kf4 $1 42. Rxg6 Kg3 $19) 0-1

[Event "Manresa"]
[Site "Manresa"]
[Date "1995.??.??"]
[Round "7"]
[White "Mellado Trivino, Juan"]
[Black "Spraggett, Kevin"]
[Result "0-1"]
[ECO "A28"]
[WhiteElo "2460"]
[BlackElo "2530"]
[Annotator "King,D"]
[PlyCount "84"]
[EventDate "1995.06.??"]
[EventType "tourn"]
[EventRounds "9"]
[EventCountry "ESP"]
[EventCategory "11"]
[SourceTitle "CBM 049"]
[Source "ChessBase"]
[SourceDate "1995.12.01"]
[SourceVersion "1"]
[SourceVersionDate "1995.12.01"]
[SourceQuality "1"]

1. c4 e5 2. Nc3 Nf6 3. Nf3 Nc6 4. d4 exd4 5. Nxd4 Bb4 6. g3 O-O 7. Bg2 Re8 8.
O-O Bxc3 9. bxc3 Ne5 10. c5 d5 11. cxd6 Qxd6 12. a4 c6 13. Qb3 a5 14. Ba3 Qc7
15. Rfd1 h5 16. Rab1 (16. h3 {Looks stronger in order to protect the light
squares on the kingside.}) 16... h4 17. Nf3 hxg3 18. hxg3 Ne4 19. Nh2 Nd7 20.
Bxe4 Rxe4 21. Bd6 Qd8 22. Nf3 Qe8 23. e3 {White pays for this weakening of his
kingside. Black has excellent chances. Compare with Kasparov-Anand (4)} Nf6 24.
Ng5 Rg4 25. Bf4 Bf5 26. Rb2 Ne4 27. Nf3 g5 $1 {Seizing the initiative.} 28. Bc7
Nc5 29. Qa3 Qe4 30. Nd4 Ne6 31. Qd6 Nxd4 32. Rxd4 Qf3 33. Rxg4 Bxg4 34. Qe5 f6
35. Qc5 Bh3 36. Qc4+ Kh8 37. Qf1 Bxf1 38. Kxf1 Qh1+ 39. Ke2 Qa1 40. Rd2 Qxa4
41. Bd8 Rxd8 42. Rxd8+ Kg7 0-1

[Event "Escaldes zt"]
[Site "Escaldes"]
[Date "1998.11.06"]
[Round "1"]
[White "Claesen, Pieter"]
[Black "Van der Sterren, Paul"]
[Result "1/2-1/2"]
[ECO "A28"]
[WhiteElo "2410"]
[BlackElo "2575"]
[Annotator "Kortschnoj,V"]
[PlyCount "94"]
[EventDate "1998.11.06"]
[EventType "swiss"]
[EventRounds "9"]
[EventCountry "AND"]
[SourceTitle "CBM 068"]
[Source "ChessBase"]
[SourceDate "1999.02.01"]
[SourceVersion "1"]
[SourceVersionDate "1999.02.01"]
[SourceQuality "1"]

1. c4 e5 2. Nc3 Nf6 3. Nf3 Nc6 4. d4 exd4 5. Nxd4 Bb4 6. g3 {The move of
Richard Reti} O-O {The most energetic looks} (6... Ne4 7. Qd3 d5 {or 7...Nc5.})
7. Bg2 Ne5 (7... d5 $5) 8. Qb3 Bc5 9. Nc2 d6 10. Na4 Bb6 11. Nxb6 axb6 12. Ne3
Be6 13. Qc3 $14 Qc8 14. h3 Re8 15. b3 c5 16. Qd2 Qc7 17. Bb2 Rad8 18. f4 Nc6
19. Bxf6 gxf6 20. O-O $16 (20. f5 $5 d5 21. fxe6 Qxg3+ 22. Kf1 {- black does
not have enough compensation for a piece. But after a simple 20.0-0 his
positional advantage is overwhelming.}) 20... f5 21. Rae1 Qe7 22. Nd1 Qf6 23.
Nc3 {23.e3+/-} Qd4+ 24. Qxd4 cxd4 $1 (24... Nxd4 25. Bxb7 $16) 25. Na4 Ra8 $14
26. Rc1 Bxc4 $2 (26... Ra6 27. Rfd1 Bd7 $14) 27. Rxc4 b5 28. Rxc6 bxc6 29. Bxc6
bxa4 30. Rd1 $16 axb3 31. axb3 Rab8 32. Bxe8 Rxe8 33. Kf2 Re4 (33... Rb8 34.
Rxd4 Rxb3 35. Rd5 $16) 34. b4 Kf8 35. b5 Ke7 36. b6 $4 (36. Rb1 $1 Kd7 37. b6
Kc8 (37... Re8 38. Rb5 $18) 38. Rc1+ $18) 36... d3 $1 37. exd3 (37. Rb1 d2 38.
b7 d1=Q 39. Rxd1 Rb4 $11) 37... Rb4 $11 38. Re1+ Kf6 39. Kf3 Rxb6 40. g4 Rb2
41. g5+ Kg6 42. Re8 Rh2 43. Kg3 Rd2 44. Rg8+ Kh5 45. Rh8 Rxd3+ 46. Kg2 Rd2+ 47.
Kg3 Rd3+ 1/2-1/2

[Event "Dresden zt 1.2"]
[Site "Dresden"]
[Date "1998.05.09"]
[Round "11"]
[White "Milov, Vadim"]
[Black "Kortschnoj, Viktor Lvovich"]
[Result "0-1"]
[ECO "A28"]
[WhiteElo "2635"]
[BlackElo "2625"]
[Annotator "Kortschnoj,V"]
[PlyCount "72"]
[EventDate "1998.04.28"]
[EventType "swiss"]
[EventRounds "11"]
[EventCountry "GER"]
[SourceTitle "CBM 065"]
[Source "ChessBase"]
[SourceDate "1998.08.06"]
[SourceVersion "1"]
[SourceVersionDate "1998.08.06"]
[SourceQuality "1"]

{[%mdl 64]} 1. c4 e5 2. Nc3 Nf6 3. Nf3 Nc6 4. e4 {Meines Erachtens kann Weiß
so nicht auf Vorteil hoffen. Er übt zwar starke Kontrolle über d5 aus, aber
das Feld d4 wird zur ewigen positionellen Schwäche. Ribli.} Bb4 {Ribli:
Schwarz muß so spielen, denn nach sofortigem 4...Bc5 verfügt Weiß über das
Scheinopfer 5.Nxe5.} (4... Bc5 {Ribli} 5. Nxe5 Nxe5 6. d4 Bb4 7. dxe5 Nxe4 8.
Qd4 Nxc3 9. bxc3 $14 {Zwar sind seine Bauern schwach, aber der Weiße entfaltet
doch starken positionellen Druck.}) (4... Nd4 {Ribli}) (4... Be7 {Ribli} 5. d4
$14) 5. d3 d6 6. Be2 (6. g3 {Ribli} O-O (6... Bc5 7. Bg2 Nd4 8. Nxd4 Bxd4 9. h3
Be6 $11) 7. Bg2 a6 $11) 6... a6 {Ribli: Eine nützlicher Wartezug, der dem
schwarzen Läufer später a7 als Rückzugsfeld bietet.} (6... h6 $5) (6... Bg4 {
Ribli} 7. O-O h6 8. Nh4 Be6 9. Nf5 Bxf5 10. exf5 Qd7 11. Bf3 O-O 12. g4 Bxc3
13. bxc3 Rfe8 14. Bg2 e4 15. Rb1 Rab8 16. d4 Na5 17. Qe2 Qc6 18. Rb4 d5 19. c5
b6 20. cxb6 cxb6 21. Bd2 Qd7 22. h4 h5 23. g5 Ng4 24. f3 exf3 25. Qxf3 Rbd8 26.
g6 Nc4 {0-1 Hertneck,G-Kindermann,S/Garmisch 1994 (51)}) (6... O-O {Ribli} 7.
O-O (7. Bg5) 7... Bxc3 8. bxc3 h6 (8... Ne7 9. c5 Ng6 10. cxd6 Qxd6 11. Qc2 Bg4
12. Be3 Rfd8 13. d4 Re8 14. d5 Bxf3 15. Bxf3 Nd7 16. c4 Nc5 17. Rab1 b6 18. Rb4
a6 19. Bxc5 bxc5 20. Rb3 {1/2-1/2 Rohde,M-Tiviakov,S/New York PCA-op 1994 (28)}
) (8... b6 9. Ne1 Ne8 10. Nc2 f5 11. exf5 Rxf5 12. Ne3 Rf8 13. Nd5 Qd7 14. f4
exf4 15. Bxf4 Nf6 16. Bf3 Bb7 17. Qd2 Nxd5 18. Bxd5+ Kh8 19. Rae1 Rae8 20. Bg3
Nd8 {Lein,A-Baumgartner,H/WchS 1996/1/2-1/2 (46)}) 9. Ne1 a6 10. a4 Nd7 11. f4
exf4 12. Bxf4 Nc5 13. Nc2 f5 14. exf5 Bxf5 15. Ne3 Bg6 16. d4 Ne6 17. Bg3 Qg5
18. Nd5 Ne7 19. Rxf8+ Rxf8 20. Bg4 Bf5 21. Nxe7+ Qxe7 22. Bf3 c6 23. Qe2 Qd7 {
1/2-1/2 Ye Rongguang-Sokolov,I/Antwerpen op 1996 (28)}) 7. O-O Bc5 {Ribli:
Schwarz hat ein Tempo verloren (4...Bb4 / 7...Bc5), aber die starke Kontrolle
über das Feld d4 gibt ihm eine ausgeglichene Stellung.} 8. Be3 Nd4 (8... O-O {
Ribli} 9. d4 (9. Bxc5 dxc5 $15 {[%csl Yd4]}) 9... exd4 10. Nxd4 $14 {Jetzt
verdient die weiße Stellung wegen des Raumvorteils leicht den Vorzug.}) 9. b4
Ba7 (9... Bb6 $5) (9... Bxb4 {Ribli} 10. Bxd4 (10. Qa4+ Nc6 11. Nd5 Ba5 (11...
Bc5 12. Bxc5 dxc5 13. Nxe5 $14) 12. Bg5 $44 {[%cal Gg5d8]}) 10... exd4 11. Qa4+
Bd7 12. Qxb4 dxc3 13. Qxc3 $13) (9... Nxe2+ {Ribli} 10. Nxe2 Bxe3 11. fxe3 $14
{Weiß ist wegen des starken Bauernzentrums und der halboffenen f-Linie leicht
in Vorteil.}) 10. Nd5 Nxd5 (10... O-O {Ribli} 11. Bg5 $16) (10... c6 {Ribli}
11. Nxf6+ Qxf6 12. Nxd4 exd4 (12... Bxd4 13. Bxd4 exd4 14. f4 $14) 13. Bd2 $14
{[%csl Ra7]}) 11. cxd5 {Ribli: Weiß verfügt über einen kleinen Raumvorteil und
die halboffene c-Linie.} O-O 12. Nxd4 exd4 13. Bf4 $14 (13. Bd2 {Ribli}) 13...
Bb6 {Ribli: Ein guter prophylaktischer Zug. Früher oder später muß Schwarz
seinen schwachen Bauern auf c7 decken.} 14. a4 a5 15. b5 {Jetzt ist der
Damenflügel blockiert und Weiß kann seine Bauernmehrheit am Königsflügel
mobilisieren.} Bd7 16. Rc1 Rc8 17. Bg3 {Weiß bereitet 18.f4 nebst 19.e5 oder
19.f5 und weiterem Raumgewinn vor.} (17. Rc4 $5 {/\Qa1,Rd4}) 17... f5 $11 18.
exf5 (18. f3 fxe4 19. fxe4 Rxf1+ 20. Qxf1 Qg5 $11) (18. f4 $2 {Ribli} fxe4 19.
dxe4 d3+ $19 {[%cal Rb6g1]}) 18... Bxf5 19. Bf3 (19. Bg4 $6 {Ribli} Qd7 {
[%csl Rd5] Weiß muß Vorsicht walten lassen, denn sein Bauer d5 ist schwach.})
19... Re8 $15 20. Qc2 (20. Qd2 Bc5 $1 $15 (20... Qf6 {Ribli} 21. Rfe1 Qg6 {
[%cal Rg6d3]})) 20... Qg5 21. Be4 $2 (21. Kh1 $5 $15) 21... Bxe4 22. dxe4 h5
$17 23. Qd3 (23. f4 d3+ 24. Bf2 Qxf4 25. Qxd3 Bxf2+ 26. Rxf2 Qxe4 $17) (23. h4
Qxg3 24. fxg3 d3+ 25. Qf2 Bxf2+ 26. Rxf2 Rxe4 $17) (23. Kh1 h4 24. f4 Qe7 25.
Bf2 Qxe4 26. Qxe4 Rxe4 27. Bxh4 d3 $17) 23... h4 24. f4 Qe7 25. Bf2 Qxe4 $17
26. Qh3 Qxf4 {Ribli: Schwarz hat zwei Mehrbauern, aber seine Königsstellung
ist ein wenig schwach.} (26... d3 {Ribli} 27. Bxb6 d2 (27... cxb6 $4 28. Rxc8
$18) 28. Rcd1 (28. Rc3 Qe1 29. Rd3 cxb6 $17) 28... cxb6 29. Rxd2 Qxa4 30. Qxh4
Qxb5 $15) 27. Kh1 (27. Bxh4 Qe3+ $19) 27... d3 $2 (27... Rf8 28. Bg1 Qe4 $19)
28. Bxh4 Qh6 (28... Qe4 $6 29. Rce1 Qxd5 30. Re7 Bd4 $8 (30... Rf8 $2 31. Bf6
$1 $18) (30... d2 $2 31. Rxg7+ Kxg7 32. Bf6+ Kf7 33. Bc3+ $18) (30... Qh5 31.
Bf6 Qxh3 32. Rxg7+ Kh8 33. Rxc7+ Kg8 34. Rg7+ Kh8 35. Rxb7+ Kg8 36. Rg7+ Kh8
37. Rg3+ $16) 31. Bf6 Bxf6 32. Rxf6 Rxe7 33. Qxc8+ Kh7 34. Qh3+ $11) (28... d2
$1 29. Rcd1 Qe3 30. Qg4 (30. Qd7 Rf8 31. Be7 Rxf1+ 32. Rxf1 Ra8 $19) 30... Qe2
31. Qg6 Rf8 $19) (28... Qxa4 $19 {Ribli: Weiß hat zwei Minusbauern und 29.Qxd3
geht angesichts 29...Qxh4.}) 29. Qg4 d2 (29... Rb8 $17) (29... Be3 {Ribli} 30.
Rcd1 d2 (30... Rf8 31. Rf3 Rxf3 32. gxf3 Re8 33. Rxd3 Qf4 $15)) 30. Rcd1 Be3
31. Rf3 (31. Rf5 Qh7 32. Be7 Rxe7 33. Rh5 Qxh5 34. Qxh5 Bh6 $19) (31. Rf6 {
Ribli} Qh7 $15) 31... Rf8 $4 {Ribli: Ein schwerer Zeitnotfehler.} (31... Rb8
$142 32. Qd7 (32. Bf6 Qh7 33. Rh3 Bh6 $19) 32... Qxh4 33. Qf7+ Kh8 34. Rh3 Bh6
$1 35. Rxh4 Re1+ 36. Qf1 Rbe8 $1 $19) (31... Rb8 $15 {Ribli}) 32. Rh3 $4 (32.
Be7 $142 Bf4 (32... Rfe8 33. Rh3 Qf4 34. Qe6+ Qf7 35. Rh8+ $18) (32... Bb6 {
Ribli} 33. Rdf1 d1=Q (33... Rxf3 34. Qxc8+ Kh7 35. gxf3 $18) 34. Rxd1 $18) 33.
Rh3 Rce8 34. Rxh6 Bxh6 35. Qd7 Bg5 36. Qe6+ $18) 32... Rce8 33. Be7 Qf4 34.
Qe6+ Qf7 35. Rxe3 (35. Qxf7+ {Ribli} Rxf7 36. Rxe3 Rfxe7 $1 (36... Rexe7 $19)
37. Rxe7 Rxe7 $19) 35... Rxe7 $19 36. Qxf7+ Rfxf7 (36... Rfxf7 {Ribli} 37. Re6
Rxe6 38. dxe6 Rf2 39. Kg1 Re2 40. Kf1 Re1+ 41. Rxe1 dxe1=Q+ 42. Kxe1 Kf8 $19 {
Ribli: und das Bauernendspiel ist für Schwarz einfach gewonnen.}) 0-1